00528nam a22001697a 450000500170000001000130001702000260003003500130005603700090006908200120007810000270009024500840011726000390020127000440024030000230028450000510030720210412111414.0 aB-739771 a9788125036784c195.00 aB-739771 bGift a808.042 aMisra, Partha Sarathi  aAn introduction to stylistics:btheory and practice /cby Partha Sarathi Misra  aNew Delhi bOrient Blackswanc2012 a1/24, Asaf Ali RoadbNew Delhi e110002 a150p. c21cm(pbk)  aincludes bibliographical references and index